000 00654nam a2200277Ia 4500
005 20260324135231.0
008 008 260324s9999 xx 000 0 eng d
020 _a9781410604903
037 _aEBOOK
040 _aCRL
040 _beng
040 _cCRL
041 _2eng
041 _aeng
084 _qCRL
100 _aMichael P. Quirk; Patricia M. Fandt
_91199834
245 4 _aThe 2nd Language of Leadership
260 _bTaylor and Francis
260 _c2000
365 _a
365 _b230
856 _uhttp://www.taylorfrancis.com/books/9781410604903
942 _cEBOOK
999 _c1800695
_d1800695